Ο κοσμοκράτωρ : le maitre du monde

Αποθηκεύτηκε σε:
Λεπτομέρειες βιβλιογραφικής εγγραφής
Κύριοι συγγραφείς: Verne, Jules, 1828-1905, Τσουκαλάς, Γεώργιος (Διασκευαστής)
Μορφή: Βιβλίο
Γλώσσα:Greek
French
Δημοσίευση: Αθήναι: Αστήρ, 1967.
Σειρά:Βιβλιοθήκη Ιουλίου Βερν (Αστήρ)
Θέματα:
Ετικέτες: Προσθήκη ετικέτας
Δεν υπάρχουν, Καταχωρήστε ετικέτα πρώτοι!

MARC

LEADER 00000cam a2200000 a 4500
001 1/124399
008 220218s1967####gr | ||| |||| ||gre||
040 |a GR-MyUa  |b gre  |c GR-MyUa  |e AACR2 
041 1 |a gre  |h fre 
082 7 |a 843.8   |2 (23)  
100 1 |a Verne, Jules,   |d 1828-1905. 
245 1 2 |a Ο κοσμοκράτωρ :   |b le maitre du monde /   |c Ιουλίου Βερν ; διασκευή: Γ. Τσουκαλά ; εικόνες: Ευάγγ. Τερζόπουλου.  
260 |a Αθήναι:   |b Αστήρ,   |c 1967.  
300 |a 185 σ. :   |b εικ. ;   |c 21 εκ.  
490 1 |v (Βιβλιοθήκη Ιουλίου Βερν / Αστήρ)  
500 |a Τίτλος πρωτοτύπου: Le maitre du Monde.  
650 0 |a French fiction. 
650 0 |a French literature. 
700 1 |a Τσουκαλάς, Γεώργιος,  |e adp 
830 0 |a Βιβλιοθήκη Ιουλίου Βερν (Αστήρ) 
970 |a Σιδερή   |b Νεκταρία   |z 2022/02/18